Math And Dosage Calculations For Health Occupations /
This text-workbook presents a comprehensive review of mathematics functions as they relate to dosage calculations. It can be used as a math unit in shorter programs or as a supplement or review in longer courses or programs. The text is presented step-by-step and is limited to the skills necessary f...
Gespeichert in:
| 1. Verfasser: | |
|---|---|
| Format: | Buch |
| Sprache: | Vietnamese |
| Veröffentlicht: |
American :
McGraw -Hill ,
1992
|
| Ausgabe: | In lần thứ 1 |
| Schlagworte: | |
| Tags: |
Tag hinzufügen
Keine Tags, Fügen Sie den ersten Tag hinzu!
|
| Thư viện lưu trữ: | Thư viện Trường CĐ Kỹ Thuật Cao Thắng |
|---|
| LEADER | 01095nam a2200217 a 4500 | ||
|---|---|---|---|
| 001 | TVCDKTCT6587 | ||
| 003 | Thư viện trường Cao đẳng Kỹ thuật Cao Thắng | ||
| 005 | 20070406000000 | ||
| 008 | 070406 | ||
| 980 | \ | \ | |a Thư viện Trường CĐ Kỹ Thuật Cao Thắng |
| 024 | |a RG_1 #1 eb0 i1 | ||
| 020 | # | # | |a 0-02-800677-1 |
| 041 | 0 | # | |a vie |
| 082 | # | # | |a 519 / |b M100T |
| 100 | 1 | # | |a Dawe Renee A. |
| 245 | 0 | 0 | |a Math And Dosage Calculations For Health Occupations / |c Dawe Renee A. |
| 250 | # | # | |a In lần thứ 1 |
| 260 | # | # | |a American : |b McGraw -Hill , |c 1992 |
| 300 | # | # | |a 232tr. ; |c 28cm. |
| 520 | # | # | |a This text-workbook presents a comprehensive review of mathematics functions as they relate to dosage calculations. It can be used as a math unit in shorter programs or as a supplement or review in longer courses or programs. The text is presented step-by-step and is limited to the skills necessary for dosage calcula-tion. Work-related exercises allow students to practice skills, concepts, and procedures they will use on the job. |
| 650 | # | 4 | |a Toán học ứng dụng |


